000 00631nam a2200229 i 4500
001 bg
100 1 _aSCHARLE, Ágota
245 _aLearner autonomy :
_ba guide to developing learner responsibility.
260 _aCambridge :
_bCambridge University Press,
_ccop. 2000.
300 _aVI, 112 s. ;
_c24 cm.
504 _aBibliogr. - Indeks.
650 _aJęzyk angielski
_xnauczanie
655 _aPodręcznik
700 _aSZABÓ, Anita
020 _a0521775345
040 _cBPK
041 0 _aen
080 _a372.881.111.1
920 _a0-521-77534-5
942 _cKS
008 s pl f |000 0 pol
999 _c37653
_d37653
856 _uhttp://koha.tu.koszalin.pl/cgi-bin/koha/opac-detail.pl?biblionumber=37653
_yKatalog online BPK